000 01556cam a2200397 a 4500
001 1664100
003 OSt
005 20140310181657.0
008 970915s1996 nyua 000 0deng d
010 _a 97195684
035 _a(OCoLC)35642867
040 _aOWK
_cOWK
_dIU
_dDLC
042 _alccopycat
043 _an-us-ny
050 0 0 _aHV 885
_b.M478 1996
082 _aGS 362.74
_bM17 1996
100 1 _aMcGeady, Mary Rose.
_92464
245 1 0 _aAre you out there, God? /
_cMary Rose McGeady.
250 _a1st ed.
260 _aNew York, NY :
_bCovenant House,
_cc1996.
300 _a127 p. :
_c17 cm.
541 _j1
562 _e1
610 2 0 _aCovenant House (New York, N.Y.)
_920749
650 0 _aHomeless children
_zNew York (State)
_zNew York
_xCase studies.
_920750
650 0 _aAbandoned children
_zNew York (State)
_zNew York
_xCase studies.
_920751
650 0 _aChurch work with youth
_xCatholic Church
_xCase studies.
_920752
650 0 _aChurch work with youth
_zNew York (State)
_zNew York
_xCase studies.
_920753
650 0 _aSocial work with youth
_zNew York (State)
_zNew York
_xCase studies.
_920754
650 0 _aRunaway children
_zNew York (State)
_zNew York
_xCase studies.
_920755
650 0 _aRunaway teenagers
_zNew York (State)
_zNew York
_xCase studies.
_920756
906 _a7
_bcbc
_ccopycat
_d3
_encip
_f19
_gy-gencatlg
942 _2lcc
_cBK
_kM
999 _c1131
_d1131